000 01608nam2a22002531 4500
001 rc\2208147
005 20260407022538.0
035 _a(NLR Aleph) 006695519
090 _a5189961
_c5189961
100 _a20110829d1979 |||y0rusy50 ca
101 0 _arus
102 _aRU
105 _ay z |||||
200 1 _aМонтажные и специальные строительные работы по электролизерам алюминия типов С-8БМ и "обожженный анод"
_eУтв. Главметаллургмонтажем М-ва монтаж. и спец. строит. работ СССР 30.06.77
210 _d1979
_aБ. м.
215 _a33 с.
300 _aИзд. выходит с 1978 г.
461 0 _1001rc\2208132
_12001#$aПлановые нормативы на монтажные и специальные строительные работы$eЭлемент. план. нормативы$vСб. 10. Вып. 2
_95189833
_cМосква
_d1978-1983
_nЦБНТИ Минмонтажспецстроя СССР
_oЭлемент. план. нормативы
_tПлановые нормативы на монтажные и специальные строительные работы
_vСб. 10. Вып. 2
712 0 1 _aСССР
_bГлавное упр. по монтажу технологического оборудования предприятий металургической промышленности
_9513260
_3RU\NLR\AUTH\8810007786
801 0 _aRU
_bNLR
_gpsbo
801 1 _aRU
_bELAR
_2rusmarc
852 _aNLR
_jПт 80.1/1287
942 _cBOOK
980 _aNB